1440 1429 1777 1970 1131 1172 1199 1947 1573 1144 1227 1502 1293 1038 1934 1826 1612 1833 1891 1223 1439 1728 1325 1817 1780 1921 1188 1445 1272 1342 1783 1579 1422 1785 1215 1334 1403 1292 1736 1627 1069 1522 1970 1738 1450 1447 1247 1629 1439 1983 1420 1308 1378 1553 1708 1629 1727 1034 1117 1938 1853 1802 1411 1770 1843 1504 1068 1087 1411 1561 1820 1897 1340 1243 1704 1025 1566 1656 1256 1828 1177 1362 1143 1693 1088 1674 1443 1454 1502 1241 1878 1762 1093 1421 1843 1449 1579 1265 1260 BCNSPRNW ULIB Ver.6.0+V

เปลี่ยนเป็นภาษาไทย

Change to English
 แสดงรายละเอียดบรรณานุกรม
  กลับหน้าหลัก

Brief Record : Get Marc (ISO 2709) : E-mail record : QR code < ปิดหน้าต่าง
LEADER : 00000nas 2200000uu 4500
001    13399122482
003     ULIB
008    130704s||||||||th 000 0 tha d
022 0  1685-1414
110 1  มหาวิทยาลัยคริสเตียน
245 00 วารสารมหาวิทยาลัยคริสเตียน
310    ^aรายสี่เดือน
850 ^a ULIB^bปีที่ 18 ฉบับที่ 1 ;ปีที่ 18 ฉบับที่ 2 ;ปีที่ 18 ฉบับที่ 3 ;ปีที่ 1 ฉบับที่ 1 ฉ.1 ;ปีที่ 1 ฉบับที่ 2 ฉ.1 ;ปีที่ 20 ฉบับที่ 3 ฉ.1 ;ปีที่ 21 ฉบับที่ 1 ฉ.1
945    ^p0^l0^i901416
945    ^p0^l0^i901417
945    ^p0^l0^i901418
945    ^p0^l0^i902989
945    ^p0^l0^i904379
945    ^p0^l0^i904434
945    ^p0^l0^i904436
999    ^aเกษร โพธิ์สุวรรณ
รายการนี้ยังไม่มีแท็ก
คุณยังไม่ได้ล็อกอิน คุณสามารถมีกิจกรรมร่วมกับเว็บไซต์ได้ แต่ต้องล็อกอินก่อน ::
  ล็อกอิน

รายการสื่อสารสนเทศ (วารสาร)

ดูแบบ: กล่อง รายการ
ARRIVED
ปีที่ 18 ฉบับที่ 1
สถานที่: ห้องสมุดวิทยาเขตสวรรค์ประชารักษ์ >วารสาร
ARRIVED
ปีที่ 18 ฉบับที่ 2
สถานที่: ห้องสมุดวิทยาเขตสวรรค์ประชารักษ์ >วารสาร
ARRIVED
ปีที่ 18 ฉบับที่ 3
สถานที่: ห้องสมุดวิทยาเขตสวรรค์ประชารักษ์ >วารสาร
ARRIVED
ปีที่ 1 ฉบับที่ 2 ฉ.1
สถานที่: ห้องสมุดวิทยาเขตสวรรค์ประชารักษ์ >หนังสือพิมพ์
ARRIVED
ปีที่ 20 ฉบับที่ 3 ฉ.1
สถานที่: ห้องสมุดวิทยาเขตสวรรค์ประชารักษ์ >หนังสือพิมพ์
ARRIVED
ปีที่ 1 ฉบับที่ 1 ฉ.1
สถานที่: ห้องสมุดวิทยาเขตสวรรค์ประชารักษ์ >หนังสือพิมพ์
ARRIVED
ปีที่ 21 ฉบับที่ 1 ฉ.1
สถานที่: ห้องสมุดวิทยาเขตสวรรค์ประชารักษ์ >หนังสือพิมพ์

BibComment


ยังไม่เคยถูกคอมเมนท์

คอมเมนท์ทรัพยากรรายการนี้
  คอมเมนท์: วารสารมหาวิทยาลัย..


 Copyright 2026. Bcnsprnw @Library